| 000 | 01763cam a2200385 i 4500 | ||
|---|---|---|---|
| 999 |
_c2388 _d2388 |
||
| 001 | 17765494 | ||
| 003 | GZU | ||
| 005 | 20201029104009.0 | ||
| 008 | 130605s2013 nyu b 000 0 eng | ||
| 010 | _a 2013019069 | ||
| 020 | _a9781137333841 | ||
| 040 |
_aDLC _beng _cDLC _erda _dDLC |
||
| 042 | _apcc | ||
| 050 | 0 | 0 |
_aHV6437 _b.W45 2013 |
| 082 | 0 | 0 |
_a364.106/60835 _223 |
| 100 | 1 |
_aWhite, R. D. _q(Robert Douglas), _d1956- |
|
| 245 | 1 | 0 |
_aYouth gangs, violence, and social respect : _bexploring the nature of provocations and punch-ups / _cRob White, University of Tasmania, Australia. |
| 264 | 1 |
_aNew York : _bPalgrave Macmillan, _c2013. |
|
| 300 |
_aviii, 227 pages ; _c23 cm |
||
| 336 |
_atext _2rdacontent |
||
| 337 |
_aunmediated _2rdamedia |
||
| 338 |
_avolume _2rdacarrier |
||
| 504 | _aIncludes bibliographical references. | ||
| 505 | 0 | _aList of figures and tables -- Acknowledgements -- Doing gangs research -- Gangs and identity -- Groups and networks -- Fluidity and continuity -- Gangs and the transnational -- Indigenous gangs and family -- Provocations and punch-ups -- The body and violence -- Gang interventions -- Beyond gangs -- Notes. | |
| 650 | 0 |
_aGangs _xResearch. |
|
| 650 | 0 | _aGang members. | |
| 650 | 0 | _aCriminal behavior. | |
| 650 | 0 | _aYouth and violence. | |
| 856 | 4 | 2 |
_3Contributor biographical information _uhttp://www.loc.gov/catdir/enhancements/fy1608/2013019069-b.html |
| 856 | 4 | 2 |
_3Publisher description _uhttp://www.loc.gov/catdir/enhancements/fy1608/2013019069-d.html |
| 856 | 4 | 1 |
_3Table of contents only _uhttp://www.loc.gov/catdir/enhancements/fy1608/2013019069-t.html |
| 906 |
_a7 _bcbc _corignew _d1 _eecip _f20 _gy-gencatlg |
||
| 942 |
_2lcc _cBK _h6437 _iWHI _kHV _m2013 |
||